Για ένα παιδί με λιγότερα προβλήματα
Αποθηκεύτηκε σε:
| Κύριος συγγραφέας: | |
|---|---|
| Μορφή: | Βιβλίο |
| Γλώσσα: | Greek |
| Δημοσίευση: |
Αθήνα ; Γιάννινα :
Δωδώνη,
1993
|
| Θέματα: | |
| Ετικέτες: |
Προσθήκη ετικέτας
Δεν υπάρχουν, Καταχωρήστε ετικέτα πρώτοι!
|
MARC
| LEADER | 00000cam a2200000 i 4500 | ||
|---|---|---|---|
| 001 | 1/2535 | ||
| 008 | 091217s1993 gre d | ||
| 020 | |a 960-248-625-2 | ||
| 035 | |l 10106052 | ||
| 040 | |a GR-MY-UA |b gre |e aacr | ||
| 041 | 0 | |a gre | |
| 082 | 0 | |a 618.92 |2 (22) | |
| 100 | 1 | |a Κατσιμπάρδης, Δημήτριος Κ. | |
| 245 | 1 | 0 | |a Για ένα παιδί με λιγότερα προβλήματα / |c Δημητρίου Κ. Κατσιμπάρδη |
| 260 | |a Αθήνα ; Γιάννινα : |b Δωδώνη, |c 1993 | ||
| 300 | |a 285 σ.; |c 22 εκ. | ||
| 504 | |a Περιέχει ευρετήριο | ||
| 650 | 0 | 0 | |a Pediatrics. |
| 650 | 0 | 0 | |a Children |x Diseases. |
| 650 | 0 | 0 | |a Child care. |
| 852 | |a INST |b SAMOS |e 20091217 |h 618.92 ΚΑΤ |p 005300031044 |q 005300031044 |t BK |y 0 | ||
| 901 | |a BIBL3-2009-3 | ||
| 909 | |a Σ |b 158360 | ||
| 970 | |a ΡΟΥΣΣΟΥ |b ΚΩΝΣΤΑΝΤΙΝΑ |z 2009/09/17 | ||